Normal view
MARC view
- Jones, Nancy Riggs,
Entry Personal Name
001 - CONTROL NUMBER
- control field: 106666
003 - CONTROL NUMBER IDENTIFIER
- control field: NUST
005 - DATE AND TIME OF LATEST TRANSACTION
- control field: 20230102175946.0
008 - FIXED-LENGTH DATA ELEMENTS
- fixed length control field: 230102|| aca||aabn | a|a d
040 ## - CATALOGING SOURCE
- Original cataloging agency: NUST
- Transcribing agency: NUST
100 ## - HEADING--PERSONAL NAME
- Personal name: Jones, Nancy Riggs,
- Dates associated with a name: 1950-
670 ## - SOURCE DATA FOUND
- Source citation: Work cat.: (NUST)185875: Ingram, Barbara Kilroy, 106663, The workshop approach to classroom interest centers :, [1975]
